Organization without authority : dilemmas of social control in free schools /

Saved in:
Bibliographic Details
Main Author: Swidler, Ann, 1944-
Format: Book
Language:English
Published: Cambridge, Mass. : Harvard university press, 1979.
Subjects:
LEADER 01177nam a2200313 i 4500
001 c000235532
003 CARM
005 00000000000000.0
008 840229s1979 mau b 001 0deng d
019 1 |a 1456303  |z 23894752  |5 LACONCORD2021 
020 |a 0674643402 
035 |a (OCoLC)5171546  |5 LACONCORD2021 
043 |a n-us--- 
045 |a x6x7 
082 0 4 |a 371/.02 
100 1 |a Swidler, Ann,  |d 1944- 
245 1 0 |a Organization without authority :  |b dilemmas of social control in free schools /  |c Ann Swidler. 
260 |a Cambridge, Mass. :  |b Harvard university press,  |c 1979. 
300 |a x, 199 p. ;  |c 25 cm. 
500 |a Includes index. 
504 |a Bibliography: p. 185-194. 
650 0 |a Free schools  |x Administration. 
650 0 |a Community and school. 
650 0 |a School management and organization. 
650 0 |a Community and school  |z United States. 
650 0 |a School management and organization  |z United States. 
852 8 |b CARM  |h A1:AP20E0  |i C09156  |p 0364760  |f BK 
999 f f |i 32a65152-f66c-57e3-836c-3e9e5e71a1a0  |s 1f8e3456-9f1c-5c13-b133-8b452381da45 
952 f f |p Can circulate  |a CAVAL  |b CAVAL  |c CAVAL  |d CARM 1 Store  |e C09156  |f A1:AP20E0  |h Other scheme  |i book  |m 0364760